Calavera abecedario : (Record no. 6476)

MARC details
000 -LEADER
fixed length control field 01207cam a2200313 a 4500
001 - CONTROL NUMBER
control field 6476
003 - CONTROL NUMBER IDENTIFIER
control field FISKH
005 - DATE AND TIME OF LATEST TRANSACTION
control field 20250506103914.0
008 - FIXED-LENGTH DATA ELEMENTS--GENERAL INFORMATION
fixed length control field 040122s2004 flua 000 0 eng
010 ## - LIBRARY OF CONGRESS CONTROL NUMBER
LC control number 2004001554
020 ## - INTERNATIONAL STANDARD BOOK NUMBER
International Standard Book Number 0152051104 (hardcover)
020 ## - INTERNATIONAL STANDARD BOOK NUMBER
International Standard Book Number 9780152059064
040 ## - CATALOGING SOURCE
Original cataloging agency DLC
Transcribing agency DLC
Modifying agency DLC
Language of cataloging eng
050 ## - LIBRARY OF CONGRESS CALL NUMBER
Classification number GT4995.A4 W56
082 ## - DEWEY DECIMAL CLASSIFICATION NUMBER
Classification number 394.266
100 1# - MAIN ENTRY--PERSONAL NAME
Personal name Winter, Jeanette.
245 10 - TITLE STATEMENT
Title Calavera abecedario :
Remainder of title a Day of the Dead alphabet book /
Statement of responsibility, etc. Jeanette Winter.
260 ## - PUBLICATION, DISTRIBUTION, ETC.
Place of publication, distribution, etc. Orlando :
Name of publisher, distributor, etc. Voyager,
Date of publication, distribution, etc. 2004.
300 ## - PHYSICAL DESCRIPTION
Extent 36 pages :
Other physical details color illustrations ;
Dimensions 24 cm
505 ## - FORMATTED CONTENTS NOTE
Formatted contents note G<br/>
520 ## - SUMMARY, ETC.
Summary, etc. Every year Don Pedro and his family make papier-mâché skeletons, or calaveras, for Mexico's Day of the Dead fiesta. From the Angel and Doctor to the Mariachi and Unicornio, there's a special calavera for each letter of the alphabet. Come dance with them! Includes a glossary of Spanish words and an author's note.
521 8# - TARGET AUDIENCE NOTE
Target audience note 300<br/>
Source Lexile estimate<br/>
521 8# - TARGET AUDIENCE NOTE
Target audience note G<br/><br/>
Source Raz-Plus<br/>
650 #0 - SUBJECT ADDED ENTRY--TOPICAL TERM
Topical term or geographic name entry element All Souls' Day
Geographic subdivision Mexico.
651 #0 - SUBJECT ADDED ENTRY--GEOGRAPHIC NAME
Geographic name Mexico
General subdivision Social life and customs.
906 ## - LOCAL DATA ELEMENT F, LDF (RLIN)
a 7
b cbc
c orignew
d 1
e ecip
f 20
g y-gencatlg
942 ## - ADDED ENTRY ELEMENTS (KOHA)
Source of classification or shelving scheme Dewey Decimal Classification
Koha item type Books
Suppress in OPAC No
Holdings
Withdrawn status Lost status Source of classification or shelving scheme Damaged status Not for loan Collection Home library Current library Shelving location Date acquired Total Checkouts Full call number Barcode Date last seen Copy number Price effective from Koha item type
    Dewey Decimal Classification     Juvenile Fiction Footprints International School Library Network Toul Kork Campus Footprints International School Library Network Toul Kork Campus TK Primary Library Room(4th Floor), Bookcase 7, Shelves 57-60, Dark Green Books 05/06/2025   WIN 394.266 GT4995.A4 W56 FISTK01995 05/06/2025 1 05/06/2025 Books